Historia de la vida de un buscón llamado Don Pablo / Francisco de Quevedo (Registro nro. 2234)

Detalles MARC
000 -LEADER
fixed length control field 00531nam a22002051a 4500
001 - CONTROL NUMBER
control field 2234
003 - CONTROL NUMBER IDENTIFIER
control field OSt
005 - DATE AND TIME OF LATEST TRANSACTION
control field 20260204211805.0
008 - FIXED-LENGTH DATA ELEMENTS--GENERAL INFORMATION
fixed length control field 040209s1999||||sp ||||||b||||||||||spa||
020 ## - NUMERO DE LIBRO INTERNACIONAL NORMALIZADO
International Standard Book Number 8489163774
050 ## - LIBRARY OF CONGRESS CALL NUMBER
Classification number 863.4 Q31h
082 ## - DEWEY DECIMAL CLASSIFICATION NUMBER
Classification number 808.8381 Q31h
100 ## - ASIENTO PRINCIPAL -- NOMBRE PERSONAL
Personal name De Quevedo, Francisco
245 ## - TÍTULO PROPIAMENTE DICHO: SUBTÍTULO
Title Historia de la vida de un buscón llamado Don Pablo / Francisco de Quevedo
264 ## - PRODUCTION, PUBLICATION, DISTRIBUTION, MANUFACTURE, AND COPYRIGHT NOTICE
Place of production, publication, distribution, manufacture España : Jediciones
300 ## - PHYSICAL DESCRIPTION
Extensión 156 p.
500 ## - GENERAL NOTE
General note Incluye indice
650 ## - ASIENTO SECUNDARIO DE MATERIA -- TERMINO TEMÁTICO
Termino Temático Como Elemento de Entrada Novela EspañolaÌ
942 ## - ADDED ENTRY ELEMENTS (KOHA)
Source of classification or shelving scheme Dewey Decimal Classification
Koha item type Libros
Existencias
Withdrawn status Lost status Source of classification or shelving scheme Damaged status Not for loan Current library Date acquired Total Checkouts Full call number Barcode Date last seen Price effective from Koha item type
    Dewey Decimal Classification     Biblioteca UTECO 09/09/2019   863.4 Q31H 005648 09/09/2019 09/09/2019 Libros
© 2021 Derechos Reservados UTECO - Teléfono: +1 809-585-2291 - Correo electrónico: biblioteca@uteco.edu.do​  
Código postal 43000 ​​
Dirección: Avenida Universitaria No. 100, 
Cotuí, Provincia Sánchez Ramírez, República Dominicana - RNC: 404-00059-6